| 000 | 00677nam a2200205 a 4500 | ||
|---|---|---|---|
| 001 | 000018687 | ||
| 005 | 20200929165835.0 | ||
| 008 | 100513nuuuuuuuuve a r 000 | spa d | ||
| 040 |
_aDO-SdBNP _bspa _cBNPHU |
||
| 082 |
_aV861.44 _bA951 |
||
| 100 | 1 |
_aAvendaño Rodríguez, Jesús Alfonso _940346 |
|
| 245 | 1 | 0 |
_aSonetos, sonetillos, redondillas y otras rimas / _cJesús Alfonso Avendaño Rodríguez. |
| 260 |
_aVenezuela : _b[s. n.], _c[s. f.]. |
||
| 300 |
_a214 p. : _bil. ; _c21 cm. |
||
| 650 | 4 |
_aSonetos venezolanos _93933 |
|
| 650 | 4 |
_aSonetillos venezolanos _940347 |
|
| 650 | 4 |
_aRedondillas venezolanas _940348 |
|
| 650 | 4 |
_aLiteratura venezolana _93816 |
|
| 049 | _aBNGR | ||
| 999 |
_c18207 _d18207 |
||